Statistics for Random League of Legends champions by picture

Click here to take the quiz!

General Stats

  • This quiz has been taken 358 times
  • The average score is 18 of 20

Answer Stats

Answer% Correct
Aatrox
100%
Akali
100%
Ashe
100%
Brand
100%
Ezreal
100%
Fizz
100%
Gragas
100%
Heimerdinger
100%
Jhin
100%
Kassadin
100%
Lee Sin
100%
Leona
100%
Lux
100%
Nidalee
100%
Rammus
100%
Seraphine
100%
Singed
100%
Sion
100%
Taric
100%
Teemo
100%
Tristana
100%
Warwick
100%
Zac
100%
Caitlyn
97%
Garen
97%
Kayn
97%
Neeko
97%
Trundle
97%
Twitch
97%
Wukong
97%
Anivia
96%
Bel'Veth
96%
Braum
96%
Hecarim
96%
Ivern
96%
Kai'Sa
96%
Lulu
96%
Malphite
96%
Nasus
96%
Swain
96%
Tahm Kench
96%
Talon
96%
Volibear
96%
Dr. Mundo
95%
Graves
95%
Karma
95%
Katarina
95%
Kayle
95%
Kog'Maw
95%
Master Yi
95%
Nami
95%
Ornn
95%
Samira
95%
Soraka
95%
Udyr
95%
Yasuo
95%
Ziggs
95%
Zyra
95%
Ahri
94%
Blitzcrank
94%
Ekko
94%
Gangplank
94%
Jax
94%
Morgana
94%
Nunu et Willump
94%
Poppy
94%
Syndra
94%
Varus
94%
Alistar
93%
Amumu
93%
Annie
93%
Diana
93%
Evelynn
93%
Rakan
93%
Rell
93%
Rumble
93%
Sett
93%
Tryndamere
93%
Vi
93%
Yorick
93%
Yuumi
93%
Cassiopeia
92%
Illaoi
92%
Irelia
92%
Jinx
92%
Lillia
92%
Lissandra
92%
Renekton
92%
Vex
92%
Bard
91%
Cho'Gath
91%
Kennen
91%
Kled
91%
Ryze
91%
Shaco
91%
Sona
91%
Thresh
91%
Twisted Fate
91%
Vayne
91%
Zeri
91%
Aurelion Sol
90%
Elise
90%
Fiora
90%
Galio
90%
Gnar
90%
Kalista
90%
K'Sante
90%
Lucian
90%
Malzahar
90%
Nautilus
90%
Olaf
90%
Pyke
90%
Quinn
90%
Akshan
89%
Miss Fortune
89%
Mordekaiser
89%
Riven
89%
Skarner
89%
Zoe
89%
Camille
88%
Corki
88%
Janna
88%
Kha'Zix
88%
Leblanc
88%
Pantheon
88%
Sylas
88%
Urgot
88%
Veigar
88%
Viego
88%
Xin Zhao
88%
Yone
88%
Azir
87%
Darius
87%
Gwen
87%
Vladimir
87%
Zed
87%
Taliyah
86%
Xayah
86%
Jarvan IV
85%
Jayce
85%
Nilah
85%
Orianna
85%
Shyvana
85%
Vel'Koz
85%
Zilean
85%
Karthus
84%
Kindred
84%
Aphelios
83%
Draven
83%
Fiddlesticks
83%
Maokai
83%
Nocturne
83%
Rek'Sai
83%
Sivir
83%
Viktor
83%
Xerath
83%
Qiyana
81%
Rengar
81%
Shen
79%
Senna
78%
Renata Glasc
76%
Sejuani
71%

Score Distribution

Percentile by Number Answered

Percent of People with Each Score

Your Score History

You have not taken this quiz